03878cam a22006734i 4500003000900000005001700009008004100026020001800067035002700085040003300112049000900145082001900154245020400173264004100377300005500418336002100473337002500494338002300519500006100542505117900603526001001782526001001792526001001802526001001812526001001822526000901832526000901841526000901850526000901859526000901868526000901877526000901886526000901895526000901904526000901913526000801922526000801930526000801938526000801946526000801954526000801962541001601970541001601986650003102002700002702033700002902060700002802089910002602117942001402143949011802157949011802275994001402393596000602407999018402413999018402597980005502781952018402836952018403020PE-LiUPU20250731170454.0150706s2007 sp a r 000 0 spa d a9788445817698 a(Sirsi) i9788445817698 aPE-LiUPUbspacPE-LiUPUerda aPRUA04a155.25bT722100aTratado de los trastornos de la personalidad /cdirigido por John M. Oldham, Andrew E. Skodol, Donna S. Bender ; directores asociados, Glen O. Gabbard . [et al. ; traducción y producción, EdiDe]. 1aBarcelona :bElsevier Masson,c2007. a709 páginas :bilustraciones ;c28 centímetros atext2rdacontent aunmediated2rdamedia avolume2rdacarrier aPrecede al tít.: The American Psychiatric Publishing .0 aConceptos básicos -- Trastornos de la personalidad: historia reciente y direcciones futuras -- Teorías de la personalidad y trastornos de la personalidad -- Modelos categoriales y dimensionales de los trastornos de la personalidad -- Evaluavción clínica -- Manifestaciones, diagnóstico clínico y comorbilidad -- Instrumentos de evaluación y evaluación estandarizada -- Evolución y pronóstico de los trastornos de la personalidad -- Etiología -- Perspectiva integradora actual sobare los trastornos de la personalidad -- Epidemiología -- Genética -- Neurobiología -- Aspectos evolutivos -- Teoría del apego y modelo orientado a la mentalización del trastorno límite de la personalidad -- Papel de las experiencias de la infancia en el desarrollo de rasgos de personalidad adaptativos y desadaptivos -- Factores socioculturales -- Tratamiento -- Niveles de asistencia en el tratamiento -- Psicoanálisis -- Psicoterapias psicodinámicas -- Terapia de esquemas -- Terapia dialectica conductual -- Terapia interpersonal -- Psicoterapia de apoyo -- Tratamiento de grupo -- Terapia familiar -- Psicoeducación -- Tratamientos somáticos -- . aSEG68 aSEG70 aSEG69 aSEG67 aSEG43 aP144 aP143 aP131 aP122 aP120 aP117 aP112 aP110 aP106 aP101 aP80 aP59 aP54 aP35 aP33 aP30 g044-008278; g044-008278;04aPersonalidadxTrastornos .1 aOldham, John M.,edir.1 aSkodol, Andrew E.,edir.1 aBender, Donna S.,edir. aglbjvclchd20120821 2ddccBOOK a155.25 T7wDEWEYc1i65245lCCODEBUL1mBULp147.00r0sYtBOOKu2015-7-6xSALUDPP33o.STAFF. Colección General a155.25 T7wDEWEYc2i65246lCCODEBUL1mBULp147.00r0sYtBOOKu2015-7-6xSALUDPP33o.STAFF. Colección General aC0bPEPRU a1 a155.25 T7wDEWEYc53845i65245d53845e2019-11-21f2021-11-3g5lCCODEBUL1mBULn36p147.00q26r0sYtBOOKu2015-7-6xSALUDPP330COMPRAo.STAFF. Colección Ciencias de la Salud a155.25 T7wDEWEYc2i65246d2020-1-29e2019-11-20f2021-11-3g5lCCODEBUL1mBULn40p147.00q18r0sYtBOOKu2015-7-6xSALUDPP330COMPRAo.STAFF. Colección Ciencias de la Salud 81gALBERTO SANCHEZ Responsable de Automatización r2025-12-02 00:00:00i6l36o155.25 T7p65245s2019-11-21te1v152.00w2015-07-06xFCSyBKzinventario-2023-12-13102ddc50708GENfP33aBULbBULcGENd2015-07-06eCOMPRAg147.00 r2025-12-02 00:00:00i6l41o155.25 T7p65246s2024-09-03te2v152.00w2015-07-06xFCSyBKzinventario-2023-12-13102ddc50708GENfP33aBULbBULcGENd2015-07-06eCOMPRAg147.00